Statistics for Famous Authors by the Name of Their Works

Click here to take the quiz!

General Stats

  • This quiz has been taken 139 times
  • The average score is 15 of 22

Answer Stats

HintAnswer% Correct
HamletShakespeare
94%
Great ExpectationsDickens
90%
The OdysseyHomer
90%
To Kill a MockingbirdLee
89%
1984Orwell
89%
Pride and PrejudiceAusten
88%
War and PeaceTolstoy
85%
FrankensteinShelley
83%
Les MisérablesHugo
78%
Moby DickMelville
77%
Of Mice and MenSteinbeck
75%
A Farewell to ArmsHemingway
69%
The Count of Monte ChristoDumas
66%
Gulliver's TravelsSwift
64%
Lord of the FliesGolding
63%
Fahrenheit 451Bradbury
57%
The Great GatsbyFitzgerald
57%
The Scarlet LetterHawthorne
55%
Gone with the WindMitchell
55%
The CrucibleMiller
52%
Absalom, Absalom!Faulkner
36%
The OutsidersHinton
28%

Score Distribution

Percentile by Number Answered

Percent of People with Each Score

Your Score History

You have not taken this quiz